| 000 | 00646nam a2200193 u 4500 | ||
|---|---|---|---|
| 005 | 20210223133320.0 | ||
| 008 | 170614s2002 mx r 000 0 spa d | ||
| 020 | _a9703200818 | ||
| 035 | _aUPN01000218713 | ||
| 049 | _aCG | ||
| 050 | 4 |
_aD16.4 M6 _bS3.7 |
|
| 100 | 1 |
_aSánchez Quintanar, Andrea Cecilia, _d1942-2011 _940760 |
|
| 245 | 1 | 0 |
_aReencuentro con la historia : _bteoría y praxis de su enseñanza en México / _cAndrea Sánchez Quintanar. |
| 260 |
_aMéxico : _bUNAM, Facultad de Filosofía y Letras, _c2002. |
||
| 300 | _a356 p. | ||
| 440 | 0 | _aPaideia | |
| 650 | 4 |
_aHISTORIA - _xESTUDIO Y ENSEÑANZA - _zMEXICO _96123 |
|
| 905 | _aLibro | ||
| 999 |
_c190813 _d190813 |
||